Giáo trình nhiệt học
Gespeichert in:
| 1. Verfasser: | |
|---|---|
| Format: | Buch |
| Sprache: | Undetermined |
| Veröffentlicht: |
H.
Giáo dục
2007
|
| Schlagworte: | |
| Online Zugang: | http://lrc.tdmu.edu.vn/opac/search/detail.asp?aID=2&ID=6331 |
| Tags: |
Tag hinzufügen
Keine Tags, Fügen Sie den ersten Tag hinzu!
|
| Thư viện lưu trữ: | Trung tâm Học liệu Trường Đại học Thủ Dầu Một |
|---|
| LEADER | 00588nam a2200193Ia 4500 | ||
|---|---|---|---|
| 001 | TDMU_6331 | ||
| 008 | 210410s9999 xx 000 0 und d | ||
| 082 | |a 536 | ||
| 090 | |b NG527 | ||
| 100 | |a Nguyễn, Huy Sinh | ||
| 245 | 0 | |a Giáo trình nhiệt học | |
| 245 | 0 | |c Nguyễn Huy Sinh | |
| 260 | |a H. | ||
| 260 | |b Giáo dục | ||
| 260 | |c 2007 | ||
| 300 | |a 219tr | ||
| 650 | |a Sách đại học; Vật lí; Nhiệt học | ||
| 856 | |u http://lrc.tdmu.edu.vn/opac/search/detail.asp?aID=2&ID=6331 | ||
| 980 | |a Trung tâm Học liệu Trường Đại học Thủ Dầu Một | ||